000 01162cam a22003854a 4500
001 13733713
003 OSt
005 20181008175421.0
008 040928s2005 njua b 001 0 eng
010 _a 2004043165
015 _aGBA503811
_2bnb
016 7 _a013085052
_2Uk
020 _a0131918354
020 _a9780131918351
020 _a0131967908 (pbk.)
020 _a9780131967908 (pbk.)
035 _a(OCoLC)ocm56617248
035 _a(OCoLC)56617248
_z(OCoLC)77637164
040 _aDLC
_cDLC
_dYDX
_dUKM
_dOCL
_dBAKER
_dNLGGC
_dBTCTA
_dYDXCP
_dDLC
042 _apcc
050 0 0 _aTK5103.2
_b.S83 2005
082 0 0 _a384.5
_222
_bSTA 2005
084 _a53.72
_2bcl
084 _a54.32
_2bcl
100 1 _aStallings, William
_93405
245 1 0 _aWireless Communications and Networks
250 _a2nd ed.
260 _aUpper Saddle River, NJ :
_bPearson Prentice Hall,
_c2005.
300 _axiii, 559 p. :
_bill. ;
_c24 cm.
504 _aIncludes bibliographical references, and index.
650 0 _aWireless communication
_9129
650 0 _aComputer systems
_9654
906 _a7
_bcbc
_corignew
_d1
_eocip
_f20
_gy-gencatlg
942 _2ddc
_cSLOAN
999 _c2755
_d2755